[Event "DEM U16 2025"]
[Site "Willingen GER"]
[Date "2025.06.09"]
[Round "3"]
[White "Zomartova, Ilya"]
[Black "Atoyan, Alberto"]
[Result "0-1"]
[Termination "normal"]
[Board "6"]
[BlackTitle "CM"]
[WhiteElo "1962"]
[BlackElo "2266"]
[WhiteClock "00:58:05"]
[BlackClock "00:06:19"]
[PlyCount "116"]
[WhiteFideId "13630946"]
[BlackFideId "13314831"]
[EventCountry "GER"]
[EventRounds "9"]
[EventType "swiss"]
[EventDate "2025.06.07"]

1. d4 {[%clk 01:30:58]} {[%emt 00:00:01]} Nf6 {[%clk 01:30:51]} {[%emt
00:00:09]} 2. c4 {[%clk 01:31:18]} {[%emt 00:00:09]} e6 {[%clk 01:31:15]}
{[%emt 00:00:07]} 3. Nf3 {[%clk 01:31:39]} {[%emt 00:00:08]} d5 {[%clk
01:31:40]} {[%emt 00:00:07]} 4. Nc3 {[%clk 01:32:00]} {[%emt 00:00:08]} a6
{[%clk 01:31:59]} {[%emt 00:00:12]} 5. e3 {[%clk 01:29:12]} {[%emt 00:03:17]}
Be7 {[%clk 01:26:27]} {[%emt 00:06:03]} 6. Qc2 {[%clk 01:29:02]} {[%emt
00:00:39]} O-O {[%clk 01:24:09]} {[%emt 00:02:47]} 7. b3 {[%clk 01:29:11]}
{[%emt 00:00:22]} b6 {[%clk 01:16:08]} {[%emt 00:08:32]} 8. Be2 {[%clk
01:27:02]} {[%emt 00:02:37]} Bb7 {[%clk 01:16:19]} {[%emt 00:00:21]} 9. cxd5
{[%clk 01:25:50]} {[%emt 00:01:41]} exd5 {[%clk 01:16:14]} {[%emt 00:00:35]}
10. O-O {[%clk 01:26:05]} {[%emt 00:00:14]} Nbd7 {[%clk 01:15:44]} {[%emt
00:01:00]} 11. Bb2 {[%clk 01:24:29]} {[%emt 00:02:06]} Bd6 {[%clk 01:15:14]}
{[%emt 00:01:01]} 12. Qf5 {[%clk 01:23:51]} {[%emt 00:01:05]} Re8 {[%clk
01:09:06]} {[%emt 00:06:41]} 13. Rfd1 {[%clk 01:18:55]} {[%emt 00:05:26]} Qe7
{[%clk 01:04:58]} {[%emt 00:04:39]} 14. Rac1 {[%clk 01:17:07]} {[%emt
00:02:17]} Rac8 {[%clk 00:54:41]} {[%emt 00:10:48]} 15. Rc2 {[%clk 01:04:13]}
{[%emt 00:13:23]} g6 {[%clk 00:49:24]} {[%emt 00:05:47]} 16. Qg5 {[%clk
00:59:29]} {[%emt 00:05:13]} Kg7 {[%clk 00:40:18]} {[%emt 00:09:37]} 17. Ne1
{[%clk 00:57:02]} {[%emt 00:02:57]} h5 {[%clk 00:33:25]} {[%emt 00:07:23]} 18.
g3 {[%clk 00:54:45]} {[%emt 00:02:47]} Nf8 {[%clk 00:29:03]} {[%emt 00:04:52]}
19. Qh4 {[%clk 00:51:06]} {[%emt 00:04:08]} Ne6 {[%clk 00:27:34]} {[%emt
00:01:59]} 20. f4 {[%clk 00:48:27]} {[%emt 00:03:09]} Nf8 {[%clk 00:22:38]}
{[%emt 00:05:26]} 21. Ng2 {[%clk 00:47:01]} {[%emt 00:01:56]} Qd7 {[%clk
00:22:01]} {[%emt 00:01:08]} 22. Bf3 {[%clk 00:46:06]} {[%emt 00:01:24]} Be7
{[%clk 00:19:43]} {[%emt 00:02:48]} 23. g4 {[%clk 00:45:23]} {[%emt 00:01:13]}
Nxg4 {[%clk 00:18:19]} {[%emt 00:01:55]} 24. Qg3 {[%clk 00:44:40]} {[%emt
00:01:13]} Bf6 {[%clk 00:18:08]} {[%emt 00:00:40]} 25. Re2 {[%clk 00:44:19]}
{[%emt 00:00:51]} Re7 {[%clk 00:16:58]} {[%emt 00:01:41]} 26. Ba3 {[%clk
00:38:26]} {[%emt 00:06:22]} Ree8 {[%clk 00:16:44]} {[%emt 00:00:45]} 27. Na4
{[%clk 00:37:14]} {[%emt 00:01:42]} a5 {[%clk 00:15:39]} {[%emt 00:01:35]} 28.
Ree1 {[%clk 00:37:03]} {[%emt 00:00:41]} Bc6 {[%clk 00:14:34]} {[%emt
00:01:35]} 29. Nb2 {[%clk 00:36:42]} {[%emt 00:00:51]} Bb5 {[%clk 00:14:08]}
{[%emt 00:00:56]} 30. Nd3 {[%clk 00:35:45]} {[%emt 00:01:27]} Bxd3 {[%clk
00:14:33]} {[%emt 00:00:06]} 31. Rxd3 {[%clk 00:36:12]} {[%emt 00:00:03]} Be7
{[%clk 00:12:29]} {[%emt 00:02:34]} 32. Bb2 {[%clk 00:36:14]} {[%emt 00:00:28]}
Nh7 {[%clk 00:11:01]} {[%emt 00:01:57]} 33. Nh4 {[%clk 00:34:00]} {[%emt
00:02:43]} Bxh4 {[%clk 00:09:03]} {[%emt 00:02:29]} 34. Qxh4 {[%clk 00:34:20]}
{[%emt 00:00:10]} Nhf6 {[%clk 00:09:25]} {[%emt 00:00:08]} 35. h3 {[%clk
00:32:19]} {[%emt 00:02:30]} Nh6 {[%clk 00:09:33]} {[%emt 00:00:22]} 36. e4
{[%clk 00:32:31]} {[%emt 00:00:19]} Nxe4 {[%clk 00:07:08]} {[%emt 00:02:55]}
37. Bxe4 {[%clk 00:32:42]} {[%emt 00:00:18]} Rxe4 {[%clk 00:06:28]} {[%emt
00:01:11]} 38. Rxe4 {[%clk 00:32:55]} {[%emt 00:00:17]} dxe4 {[%clk 00:06:42]}
{[%emt 00:00:16]} 39. d5+ {[%clk 00:33:12]} {[%emt 00:00:12]} Kh7 {[%clk
00:07:05]} {[%emt 00:00:08]} 40. Qf6 {[%clk 00:33:03]} {[%emt 00:00:39]} Nf5
{[%clk 00:07:25]} {[%emt 00:00:11]} 41. Rd1 {[%clk 00:32:11]} {[%emt 00:01:20]}
Re8 {[%clk 00:25:51]} {[%emt 00:12:05]} 42. Be5 {[%clk 01:01:59]} {[%emt
00:00:42]} e3 {[%clk 00:23:29]} {[%emt 00:02:52]} 43. Rd3 {[%clk 01:01:39]}
{[%emt 00:00:49]} Qe7 {[%clk 00:15:37]} {[%emt 00:08:23]} 44. Qxe7 {[%clk
01:01:48]} {[%emt 00:00:21]} Rxe7 {[%clk 00:16:02]} {[%emt 00:00:05]} 45. Kf1
{[%clk 01:01:15]} {[%emt 00:01:04]} Rd7 {[%clk 00:12:45]} {[%emt 00:03:47]} 46.
Ke2 {[%clk 01:00:55]} {[%emt 00:00:47]} Ne7 {[%clk 00:12:30]} {[%emt 00:00:48]}
47. d6 {[%clk 01:00:18]} {[%emt 00:01:07]} cxd6 {[%clk 00:12:43]} {[%emt
00:00:18]} 48. Bd4 {[%clk 01:00:35]} {[%emt 00:00:13]} Nd5 {[%clk 00:10:40]}
{[%emt 00:02:33]} 49. Bxe3 {[%clk 01:00:20]} {[%emt 00:00:45]} Nxe3 {[%clk
00:10:56]} {[%emt 00:00:14]} 50. Kxe3 {[%clk 01:00:44]} {[%emt 00:00:05]} d5
{[%clk 00:10:23]} {[%emt 00:01:04]} 51. Kd4 {[%clk 01:00:35]} {[%emt 00:00:38]}
f6 {[%clk 00:10:45]} {[%emt 00:00:08]} 52. Rc3 {[%clk 01:00:46]} {[%emt
00:00:20]} Rd6 {[%clk 00:11:10]} {[%emt 00:00:06]} 53. Rc7+ {[%clk 01:00:37]}
{[%emt 00:00:38]} Kh6 {[%clk 00:11:29]} {[%emt 00:00:11]} 54. Rc8 {[%clk
01:00:44]} {[%emt 00:00:22]} g5 {[%clk 00:10:15]} {[%emt 00:01:44]} 55. f5
{[%clk 01:00:49]} {[%emt 00:00:25]} g4 {[%clk 00:08:31]} {[%emt 00:02:15]} 56.
h4 {[%clk 01:00:40]} {[%emt 00:00:39]} Kg7 {[%clk 00:08:02]} {[%emt 00:01:00]}
57. Rc3 {[%clk 00:57:56]} {[%emt 00:03:14]} Kf7 {[%clk 00:08:10]} {[%emt
00:00:22]} 58. Re3 {[%clk 00:58:05]} {[%emt 00:00:20]} Rc6 {[%clk 00:06:19]}
{[%emt 00:02:23]} 0-1

[Event "DEM U16 2025"]
[Site "Willingen GER"]
[Date "2025.06.09"]
[Round "3"]
[White "Weber, Nikita"]
[Black "Malinowsky, Levi"]
[Result "0-1"]
[Termination "normal"]
[Board "7"]
[BlackTitle "CM"]
[WhiteElo "2074"]
[BlackElo "2193"]
[WhiteClock "00:14:30"]
[BlackClock "00:08:37"]
[PlyCount "82"]
[WhiteFideId "34608770"]
[BlackFideId "16253094"]
[EventCountry "GER"]
[EventRounds "9"]
[EventType "swiss"]
[EventDate "2025.06.07"]

1. d4 {[%clk 01:30:58]} {[%emt 00:00:01]} Nf6 {[%clk 01:30:48]} {[%emt
00:00:12]} 2. c4 {[%clk 01:31:26]} {[%emt 00:00:01]} g6 {[%clk 01:31:06]}
{[%emt 00:00:12]} 3. Nc3 {[%clk 01:31:55]} {[%emt 00:00:02]} d5 {[%clk
01:31:18]} {[%emt 00:00:18]} 4. cxd5 {[%clk 01:32:23]} {[%emt 00:00:02]} Nxd5
{[%clk 01:31:42]} {[%emt 00:00:06]} 5. e4 {[%clk 01:32:50]} {[%emt 00:00:03]}
Nxc3 {[%clk 01:32:06]} {[%emt 00:00:06]} 6. bxc3 {[%clk 01:33:19]} {[%emt
00:00:01]} Bg7 {[%clk 01:32:26]} {[%emt 00:00:09]} 7. Bc4 {[%clk 01:33:48]}
{[%emt 00:00:03]} c5 {[%clk 01:32:35]} {[%emt 00:00:21]} 8. Ne2 {[%clk
01:34:16]} {[%emt 00:00:02]} Nc6 {[%clk 01:32:51]} {[%emt 00:00:13]} 9. Be3
{[%clk 01:34:44]} {[%emt 00:00:02]} O-O {[%clk 01:33:10]} {[%emt 00:00:11]} 10.
O-O {[%clk 01:35:12]} {[%emt 00:00:03]} Bg4 {[%clk 01:32:48]} {[%emt 00:00:51]}
11. f3 {[%clk 01:34:49]} {[%emt 00:00:54]} Bd7 {[%clk 01:32:48]} {[%emt
00:00:29]} 12. Rb1 {[%clk 01:35:18]} {[%emt 00:00:02]} Na5 {[%clk 01:28:47]}
{[%emt 00:04:31]} 13. Bd3 {[%clk 01:32:19]} {[%emt 00:03:29]} Rc8 {[%clk
01:20:40]} {[%emt 00:08:37]} 14. Qd2 {[%clk 01:29:58]} {[%emt 00:02:50]} e5
{[%clk 01:10:23]} {[%emt 00:10:48]} 15. dxe5 {[%clk 01:23:14]} {[%emt
00:07:14]} Bxe5 {[%clk 01:08:44]} {[%emt 00:02:08]} 16. f4 {[%clk 01:21:10]}
{[%emt 00:02:34]} Bh8 {[%clk 01:01:35]} {[%emt 00:07:39]} 17. f5 {[%clk
01:18:38]} {[%emt 00:03:01]} Re8 {[%clk 00:56:42]} {[%emt 00:05:24]} 18. Bg5
{[%clk 01:16:57]} {[%emt 00:02:11]} Qc7 {[%clk 00:50:51]} {[%emt 00:06:20]} 19.
f6 {[%clk 01:11:50]} {[%emt 00:05:37]} Bc6 {[%clk 00:43:13]} {[%emt 00:08:08]}
20. Ng3 {[%clk 01:09:08]} {[%emt 00:03:12]} Rcd8 {[%clk 00:42:08]} {[%emt
00:01:35]} 21. Qe3 {[%clk 01:03:32]} {[%emt 00:06:07]} Qe5 {[%clk 00:39:41]}
{[%emt 00:02:57]} 22. Rbd1 {[%clk 00:40:21]} {[%emt 00:23:40]} Rd7 {[%clk
00:32:51]} {[%emt 00:07:21]} 23. Be2 {[%clk 00:23:53]} {[%emt 00:16:58]} Rxd1
{[%clk 00:29:20]} {[%emt 00:04:01]} 24. Rxd1 {[%clk 00:23:36]} {[%emt
00:00:46]} Bxf6 {[%clk 00:28:54]} {[%emt 00:00:57]} 25. Bxf6 {[%clk 00:24:04]}
{[%emt 00:00:01]} Qxf6 {[%clk 00:29:15]} {[%emt 00:00:10]} 26. Qxc5 {[%clk
00:24:23]} {[%emt 00:00:10]} b6 {[%clk 00:26:36]} {[%emt 00:03:09]} 27. Qd4
{[%clk 00:22:48]} {[%emt 00:02:05]} Re5 {[%clk 00:25:49]} {[%emt 00:01:18]} 28.
Rf1 {[%clk 00:22:44]} {[%emt 00:00:34]} Qe7 {[%clk 00:25:46]} {[%emt 00:00:33]}
29. Bd3 {[%clk 00:19:03]} {[%emt 00:04:11]} h5 {[%clk 00:23:40]} {[%emt
00:02:35]} 30. Rf4 {[%clk 00:18:26]} {[%emt 00:01:07]} Bd7 {[%clk 00:19:20]}
{[%emt 00:04:51]} 31. Qb4 {[%clk 00:15:13]} {[%emt 00:03:43]} Qc5+ {[%clk
00:17:01]} {[%emt 00:02:49]} 32. Kh1 {[%clk 00:14:13]} {[%emt 00:01:30]} Be6
{[%clk 00:15:57]} {[%emt 00:01:34]} 33. a4 {[%clk 00:13:40]} {[%emt 00:01:03]}
Qxb4 {[%clk 00:13:43]} {[%emt 00:02:44]} 34. cxb4 {[%clk 00:14:08]} {[%emt
00:00:02]} Nc6 {[%clk 00:14:00]} {[%emt 00:00:12]} 35. b5 {[%clk 00:13:13]}
{[%emt 00:01:25]} Nb4 {[%clk 00:14:06]} {[%emt 00:00:25]} 36. Rf3 {[%clk
00:13:41]} {[%emt 00:00:02]} Bb3 {[%clk 00:12:32]} {[%emt 00:02:04]} 37. Be2
{[%clk 00:13:08]} {[%emt 00:01:03]} Bxa4 {[%clk 00:12:33]} {[%emt 00:00:28]}
38. Bc4 {[%clk 00:13:36]} {[%emt 00:00:02]} Bxb5 {[%clk 00:11:26]} {[%emt
00:01:37]} 39. Bxf7+ {[%clk 00:13:59]} {[%emt 00:00:08]} Kg7 {[%clk 00:11:35]}
{[%emt 00:00:20]} 40. Bb3 {[%clk 00:14:12]} {[%emt 00:00:17]} h4 {[%clk
00:08:37]} {[%emt 00:03:28]} 41. Rf7+ {[%clk 00:14:30]} {[%emt 00:00:11]} Kh6
{[%clk 00:08:37]} {[%emt 00:00:31]} 0-1

[Event "DEM U16 2025"]
[Site "Willingen GER"]
[Date "2025.06.09"]
[Round "3"]
[White "Jahnz, Laurin"]
[Black "Riechenberg, Sebastian"]
[Result "1-0"]
[Termination "normal"]
[Board "8"]
[WhiteTitle "CM"]
[WhiteElo "2221"]
[BlackElo "2101"]
[WhiteClock "00:14:16"]
[BlackClock "00:26:47"]
[PlyCount "59"]
[WhiteFideId "16261089"]
[BlackFideId "34605231"]
[EventCountry "GER"]
[EventRounds "9"]
[EventType "swiss"]
[EventDate "2025.06.07"]

1. e4 {[%clk 01:30:58]} {[%emt 00:00:02]} c5 {[%clk 01:29:10]} {[%emt
00:01:51]} 2. Nf3 {[%clk 01:31:24]} {[%emt 00:00:04]} d6 {[%clk 01:29:19]}
{[%emt 00:00:21]} 3. Bc4 {[%clk 01:31:49]} {[%emt 00:00:04]} Nf6 {[%clk
01:29:40]} {[%emt 00:00:09]} 4. d3 {[%clk 01:32:15]} {[%emt 00:00:04]} a6
{[%clk 01:30:05]} {[%emt 00:00:05]} 5. a4 {[%clk 01:31:48]} {[%emt 00:00:57]}
Nc6 {[%clk 01:30:20]} {[%emt 00:00:15]} 6. O-O {[%clk 01:31:56]} {[%emt
00:00:22]} e6 {[%clk 01:30:40]} {[%emt 00:00:10]} 7. Re1 {[%clk 01:31:47]}
{[%emt 00:00:39]} Be7 {[%clk 01:30:22]} {[%emt 00:00:47]} 8. Bb3 {[%clk
01:30:32]} {[%emt 00:01:46]} b6 {[%clk 01:30:34]} {[%emt 00:00:19]} 9. c3
{[%clk 01:30:52]} {[%emt 00:00:10]} O-O {[%clk 01:20:07]} {[%emt 00:10:55]} 10.
Nbd2 {[%clk 01:30:13]} {[%emt 00:01:10]} Bb7 {[%clk 01:16:26]} {[%emt
00:04:11]} 11. Nf1 {[%clk 01:30:27]} {[%emt 00:00:16]} Qc7 {[%clk 01:15:11]}
{[%emt 00:01:44]} 12. Ng3 {[%clk 01:24:55]} {[%emt 00:06:02]} b5 {[%clk
01:14:01]} {[%emt 00:01:41]} 13. d4 {[%clk 01:19:39]} {[%emt 00:05:47]} cxd4
{[%clk 01:09:49]} {[%emt 00:04:41]} 14. cxd4 {[%clk 01:19:55]} {[%emt
00:00:14]} d5 {[%clk 01:05:14]} {[%emt 00:05:06]} 15. e5 {[%clk 01:19:09]}
{[%emt 00:01:16]} Ne4 {[%clk 01:05:34]} {[%emt 00:00:09]} 16. Be3 {[%clk
00:56:45]} {[%emt 00:22:54]} Rfc8 {[%clk 00:59:20]} {[%emt 00:06:44]} 17. Rc1
{[%clk 00:51:15]} {[%emt 00:06:01]} Qd8 {[%clk 00:57:58]} {[%emt 00:01:51]} 18.
Bc2 {[%clk 00:43:15]} {[%emt 00:08:31]} Nxg3 {[%clk 00:57:09]} {[%emt
00:01:19]} 19. hxg3 {[%clk 00:43:39]} {[%emt 00:00:07]} Na5 {[%clk 00:56:15]}
{[%emt 00:01:24]} 20. Qd3 {[%clk 00:39:07]} {[%emt 00:05:01]} g6 {[%clk
00:55:39]} {[%emt 00:01:06]} 21. Bh6 {[%clk 00:32:07]} {[%emt 00:07:29]} Bc6
{[%clk 00:50:39]} {[%emt 00:05:31]} 22. Nh2 {[%clk 00:28:12]} {[%emt 00:04:26]}
bxa4 {[%clk 00:45:44]} {[%emt 00:05:25]} 23. Ng4 {[%clk 00:26:38]} {[%emt
00:02:03]} Bb5 {[%clk 00:33:09]} {[%emt 00:13:05]} 24. Qf3 {[%clk 00:25:52]}
{[%emt 00:01:16]} Nc4 {[%clk 00:31:06]} {[%emt 00:02:34]} 25. Nf6+ {[%clk
00:21:23]} {[%emt 00:04:59]} Bxf6 26. exf6 {[%clk 00:21:52]} Nxb2 {[%clk
00:28:11]} {[%emt 00:02:00]} 27. Bxg6 {[%clk 00:14:19]} {[%emt 00:08:03]} fxg6
{[%clk 00:26:08]} {[%emt 00:02:33]} 28. f7+ {[%clk 00:14:44]} {[%emt 00:00:06]}
Kh8 {[%clk 00:26:35]} {[%emt 00:00:03]} 29. Rxc8 {[%clk 00:14:02]} {[%emt
00:01:12]} Rxc8 {[%clk 00:26:47]} {[%emt 00:00:18]} 30. f8=Q+ {[%clk 00:14:16]}
{[%emt 00:00:16]} 1-0

[Event "DEM U16 2025"]
[Site "Willingen GER"]
[Date "2025.06.09"]
[Round "3"]
[White "Nuñez Grégoire, Daniel"]
[Black "Blodig, Vincent"]
[Result "1-0"]
[Termination "normal"]
[Board "9"]
[WhiteElo "2167"]
[BlackElo "2129"]
[WhiteClock "00:51:25"]
[BlackClock "00:01:15"]
[PlyCount "89"]
[WhiteFideId "34627103"]
[BlackFideId "16297857"]
[EventCountry "GER"]
[EventRounds "9"]
[EventType "swiss"]
[EventDate "2025.06.07"]

1. d4 {[%clk 01:30:59]} Nf6 {[%clk 01:30:53]} {[%emt 00:00:08]} 2. c4 {[%clk
01:31:24]} {[%emt 00:00:04]} e6 {[%clk 01:31:17]} {[%emt 00:00:06]} 3. Nf3
{[%clk 01:31:52]} {[%emt 00:00:02]} d5 {[%clk 01:31:41]} {[%emt 00:00:07]} 4.
Nc3 {[%clk 01:32:18]} {[%emt 00:00:04]} dxc4 {[%clk 01:32:04]} {[%emt
00:00:07]} 5. e3 {[%clk 01:32:42]} {[%emt 00:00:06]} a6 {[%clk 01:32:28]}
{[%emt 00:00:06]} 6. Bxc4 {[%clk 01:33:09]} {[%emt 00:00:03]} b5 {[%clk
01:32:31]} {[%emt 00:00:27]} 7. Bb3 {[%clk 01:33:38]} Bb7 {[%clk 01:32:17]}
{[%emt 00:00:45]} 8. O-O {[%clk 01:34:03]} {[%emt 00:00:05]} Be7 {[%clk
01:27:47]} {[%emt 00:05:00]} 9. Qe2 {[%clk 01:34:17]} {[%emt 00:00:16]} Nbd7
{[%clk 01:26:00]} {[%emt 00:02:17]} 10. e4 {[%clk 01:29:17]} {[%emt 00:05:30]}
Nf8 {[%clk 00:59:05]} {[%emt 00:27:26]} 11. e5 {[%clk 01:21:05]} {[%emt
00:08:42]} Nd5 {[%clk 00:44:27]} {[%emt 00:15:08]} 12. Nxb5 {[%clk 01:18:53]}
{[%emt 00:02:41]} axb5 {[%clk 00:39:16]} {[%emt 00:05:41]} 13. Qxb5+ {[%clk
01:18:35]} {[%emt 00:00:48]} c6 {[%clk 00:39:35]} {[%emt 00:00:11]} 14. Qxb7
{[%clk 01:17:54]} {[%emt 00:01:11]} Nb4 {[%clk 00:39:34]} {[%emt 00:00:31]} 15.
Bg5 {[%clk 01:17:04]} {[%emt 00:01:20]} Rb8 {[%clk 00:26:24]} {[%emt 00:13:40]}
16. Qxe7+ {[%clk 01:15:10]} {[%emt 00:02:24]} Qxe7 {[%clk 00:26:48]} {[%emt
00:00:07]} 17. Bxe7 {[%clk 01:15:36]} {[%emt 00:00:03]} Kxe7 {[%clk 00:27:10]}
{[%emt 00:00:08]} 18. Rac1 {[%clk 01:15:03]} {[%emt 00:01:03]} Nd7 {[%clk
00:26:33]} {[%emt 00:01:07]} 19. Rc3 {[%clk 01:13:59]} {[%emt 00:01:33]} Rb6
{[%clk 00:24:51]} {[%emt 00:02:13]} 20. Rfc1 {[%clk 01:11:25]} {[%emt
00:03:03]} Ra8 {[%clk 00:24:12]} {[%emt 00:01:09]} 21. a3 {[%clk 01:10:48]}
{[%emt 00:01:07]} Na6 {[%clk 00:24:28]} {[%emt 00:00:14]} 22. Nd2 {[%clk
01:08:22]} {[%emt 00:02:55]} Rc8 {[%clk 00:17:42]} {[%emt 00:07:16]} 23. Nc4
{[%clk 01:07:43]} {[%emt 00:01:10]} Rbb8 {[%clk 00:17:52]} {[%emt 00:00:20]}
24. Nd6 {[%clk 01:07:25]} {[%emt 00:00:48]} Rc7 {[%clk 00:15:58]} {[%emt
00:02:24]} 25. Bc4 {[%clk 01:06:54]} {[%emt 00:01:00]} Ra7 {[%clk 00:15:29]}
{[%emt 00:00:59]} 26. b4 {[%clk 01:05:20]} {[%emt 00:02:04]} Nc7 {[%clk
00:15:28]} {[%emt 00:00:32]} 27. f4 {[%clk 01:04:06]} {[%emt 00:01:44]} Rba8
{[%clk 00:15:39]} {[%emt 00:00:19]} 28. b5 {[%clk 01:00:44]} {[%emt 00:03:52]}
cxb5 {[%clk 00:15:44]} {[%emt 00:00:26]} 29. Nxb5 {[%clk 00:59:42]} {[%emt
00:01:31]} Nxb5 {[%clk 00:13:17]} {[%emt 00:02:57]} 30. Bxb5 {[%clk 01:00:04]}
{[%emt 00:00:08]} Nb6 {[%clk 00:12:54]} {[%emt 00:00:53]} 31. Rc7+ {[%clk
00:58:03]} {[%emt 00:02:30]} Kd8 {[%clk 00:12:59]} {[%emt 00:00:25]} 32. Rxa7
{[%clk 00:58:15]} {[%emt 00:00:19]} Rxa7 {[%clk 00:13:26]} {[%emt 00:00:02]}
33. a4 {[%clk 00:57:08]} {[%emt 00:01:37]} Ra8 {[%clk 00:11:57]} {[%emt
00:02:00]} 34. Ra1 {[%clk 00:55:47]} {[%emt 00:01:50]} Kc7 {[%clk 00:11:27]}
{[%emt 00:01:01]} 35. a5 {[%clk 00:55:13]} {[%emt 00:01:03]} Nd5 {[%clk
00:11:19]} {[%emt 00:00:37]} 36. g3 {[%clk 00:55:08]} {[%emt 00:00:35]} Kb7
{[%clk 00:07:33]} {[%emt 00:04:17]} 37. Bc4 {[%clk 00:54:18]} {[%emt 00:01:20]}
Ne7 {[%clk 00:07:11]} {[%emt 00:00:52]} 38. a6+ {[%clk 00:52:52]} {[%emt
00:01:56]} Kc7 {[%clk 00:06:03]} {[%emt 00:01:39]} 39. Bd3 {[%clk 00:52:03]}
{[%emt 00:01:18]} Kb6 {[%clk 00:01:01]} {[%emt 00:05:32]} 40. Rb1+ {[%clk
00:51:50]} {[%emt 00:00:43]} Kc7 {[%clk 00:00:38]} {[%emt 00:00:53]} 41. Rb7+
{[%clk 00:51:59]} {[%emt 00:00:21]} Kd8 {[%clk 00:01:03]} {[%emt 00:00:05]} 42.
Bb5 {[%clk 00:51:36]} {[%emt 00:00:53]} Rc8 {[%clk 00:00:32]} {[%emt 00:01:01]}
43. a7 {[%clk 00:51:22]} {[%emt 00:00:44]} Rc1+ {[%clk 00:00:50]} {[%emt
00:00:11]} 44. Kg2 {[%clk 00:51:30]} {[%emt 00:00:22]} Rc2+ {[%clk 00:01:15]}
{[%emt 00:00:06]} 45. Kh3 {[%clk 00:51:25]} {[%emt 00:00:33]} 1-0

[Event "DEM U16 2025"]
[Site "Willingen GER"]
[Date "2025.06.09"]
[Round "3"]
[White "Schwitkowski, Luka"]
[Black "Skembris, Simon Max"]
[Result "0-1"]
[Termination "normal"]
[Board "10"]
[BlackTitle "CM"]
[WhiteElo "2129"]
[BlackElo "2199"]
[WhiteClock "00:01:11"]
[BlackClock "00:16:19"]
[PlyCount "70"]
[WhiteFideId "34610669"]
[BlackFideId "16281381"]
[EventCountry "GER"]
[EventRounds "9"]
[EventType "swiss"]
[EventDate "2025.06.07"]

1. d4 {[%clk 01:26:07]} {[%emt 00:04:52]} Nf6 {[%clk 01:30:34]} {[%emt
00:00:26]} 2. c4 {[%clk 01:25:31]} {[%emt 00:01:05]} e6 {[%clk 01:30:02]}
{[%emt 00:01:04]} 3. Nf3 {[%clk 01:25:19]} {[%emt 00:00:40]} Bb4+ {[%clk
01:30:25]} {[%emt 00:00:08]} 4. Nbd2 {[%clk 01:25:10]} {[%emt 00:00:40]} b6
{[%clk 01:30:41]} {[%emt 00:00:15]} 5. a3 {[%clk 01:23:53]} {[%emt 00:01:47]}
Bxd2+ {[%clk 01:30:57]} {[%emt 00:00:14]} 6. Qxd2 {[%clk 01:23:54]} {[%emt
00:00:29]} Bb7 {[%clk 01:30:53]} {[%emt 00:00:34]} 7. g3 {[%clk 01:22:06]}
{[%emt 00:02:18]} O-O {[%clk 01:29:34]} {[%emt 00:01:50]} 8. Bg2 {[%clk
01:21:43]} {[%emt 00:00:53]} d6 {[%clk 01:29:18]} {[%emt 00:00:46]} 9. O-O
{[%clk 01:21:25]} {[%emt 00:00:48]} Nbd7 {[%clk 01:28:48]} {[%emt 00:01:00]}
10. b4 {[%clk 01:18:40]} {[%emt 00:03:15]} Qe7 {[%clk 01:23:50]} {[%emt
00:05:28]} 11. Bb2 {[%clk 01:17:21]} {[%emt 00:01:49]} Ne4 {[%clk 01:22:16]}
{[%emt 00:02:04]} 12. Qc2 {[%clk 01:13:45]} {[%emt 00:04:05]} f5 {[%clk
01:21:47]} {[%emt 00:00:59]} 13. Ne1 {[%clk 01:03:59]} {[%emt 00:10:16]} Rac8
{[%clk 01:16:25]} {[%emt 00:05:51]} 14. Nd3 {[%clk 00:55:52]} {[%emt 00:08:37]}
c5 {[%clk 01:13:01]} {[%emt 00:03:55]} 15. dxc5 {[%clk 00:52:10]} {[%emt
00:04:12]} bxc5 {[%clk 01:07:29]} {[%emt 00:06:02]} 16. b5 {[%clk 00:51:21]}
{[%emt 00:01:19]} d5 {[%clk 01:03:01]} {[%emt 00:04:58]} 17. Ne5 {[%clk
00:37:48]} {[%emt 00:14:03]} d4 {[%clk 00:56:58]} {[%emt 00:06:32]} 18. Nxd7
{[%clk 00:35:18]} {[%emt 00:03:00]} Qxd7 {[%clk 00:56:25]} {[%emt 00:01:03]}
19. a4 {[%clk 00:27:51]} {[%emt 00:07:58]} e5 {[%clk 00:53:07]} {[%emt
00:03:48]} 20. Rad1 {[%clk 00:25:23]} {[%emt 00:02:57]} Nd6 {[%clk 00:51:04]}
{[%emt 00:02:34]} 21. Bxb7 {[%clk 00:15:14]} {[%emt 00:10:38]} Qxb7 {[%clk
00:51:12]} {[%emt 00:00:22]} 22. e3 {[%clk 00:10:41]} {[%emt 00:05:03]} Qf7
{[%clk 00:49:27]} {[%emt 00:02:16]} 23. Rc1 {[%clk 00:10:27]} {[%emt 00:00:43]}
f4 {[%clk 00:44:44]} {[%emt 00:05:13]} 24. gxf4 {[%clk 00:07:53]} {[%emt
00:03:03]} exf4 {[%clk 00:42:38]} {[%emt 00:02:37]} 25. exd4 {[%clk 00:07:52]}
{[%emt 00:00:31]} f3 {[%clk 00:36:39]} {[%emt 00:06:30]} 26. Kh1 {[%clk
00:05:12]} {[%emt 00:03:09]} Qf4 {[%clk 00:33:37]} {[%emt 00:03:32]} 27. Rg1
{[%clk 00:01:44]} {[%emt 00:03:59]} cxd4 {[%clk 00:25:53]} {[%emt 00:08:14]}
28. Qd3 {[%clk 00:02:13]} Nf5 {[%clk 00:20:29]} {[%emt 00:05:53]} 29. Rce1
{[%clk 00:02:35]} {[%emt 00:00:08]} Rf6 {[%clk 00:20:05]} {[%emt 00:00:54]} 30.
Bc1 {[%clk 00:03:03]} {[%emt 00:00:02]} Qc7 {[%clk 00:17:25]} {[%emt 00:03:10]}
31. Bg5 {[%clk 00:03:19]} {[%emt 00:00:14]} Rf7 {[%clk 00:16:57]} {[%emt
00:00:58]} 32. Qxf3 {[%clk 00:02:31]} {[%emt 00:01:18]} Nh4 {[%clk 00:15:51]}
{[%emt 00:01:36]} 33. Qd5 {[%clk 00:02:39]} {[%emt 00:00:22]} Nf3 {[%clk
00:16:02]} {[%emt 00:00:19]} 34. Rg3 {[%clk 00:01:50]} {[%emt 00:01:20]} Nxe1
{[%clk 00:16:07]} {[%emt 00:00:25]} 35. Qe4 {[%clk 00:01:11]} {[%emt 00:01:08]}
Qb7 {[%clk 00:16:19]} {[%emt 00:00:19]} 0-1